Plus petites villes disposant d'un métro - Statistiques

Statistiques générales
  • Ce quiz a été pris 59 fois
    12 depuis la dernière actualisation
  • Le résultat moyen est 5 sur 15
Statistiques - réponses
Population Pays Ville % Correct
236 710 France Lille
75%
225 081 France Rennes
75%
141 418 Suisse Lausanne
67%
504 078 France Toulouse
67%
188 737 Belgique Bruxelles
50%
319 045 Grèce Thessalonique
50%
346 096 Espagne Bilbao
33%
196 446 Italie Brescia
17%
302 820 Royaume-Uni Newcastle-on-Tyne
17%
311 584 Italie Catane
8%
510 823 États-Unis Atlanta
0%
372 624 États-Unis Cleveland
0%
350 964 États-Unis Honolulu
0%
442 260 États-Unis Miami
0%
320 967 États-Unis San Juan
0%
Aucun quiz correspondant
Distribution des résultats
% des personnes avec chaque résultat
Percentile par nombre de réponses
Votre historique - résultats
Vous n’avez pas pris ce quiz depuis la dernière actualisation